| 000 | 00993nam a22003497a 4500 | ||
|---|---|---|---|
| 001 | BR9803224 | ||
| 003 | BR-BrBNA | ||
| 005 | 20230928100010.0 | ||
| 007 | ta | ||
| 008 | 230509b bl.||||| |||| 00| 0 por d | ||
| 040 |
_aBR-BrBNA _bpor _cBiblioteca Nacional de Agricultura |
||
| 041 | _a(Por) | ||
| 072 |
_aD50; H01; L73 _b3871 |
||
| 090 | _ 3871 BR9803224 | ||
| 110 | 1 | _aMinisterio da Agricultura e do Abastecimento, Brasilia, DF (Brasil). Secretaria de Defesa Agropecuaria | |
| 245 | 1 | _aLegislacao federal de agrotoxicos e afins | |
| 260 | 3 |
_aBrasilia, DF (Brasil): _c1998. |
|
| 300 | _a182 p. | ||
| 650 | _aLegislacao | ||
| 650 | _aPortaria | ||
| 650 | _aDefesa Vegetal | ||
| 650 | _aDefesa Animal | ||
| 650 | _aAgrotoxico | ||
| 650 | _aControle Quimico | ||
| 650 | _aControle de Qualidade | ||
| 650 | _aClassificacao de Produto | ||
| 650 | _aEmbalagem | ||
| 650 | _aArmazenamento | ||
| 650 | _aTransporte | ||
| 909 |
_a202309 _bLucia _c55 _dLucia Elande |
||
| 942 | _cBK | ||
| 999 |
_c59812 _d59812 |
||